Lanean...

Progress in behavior modification

Xehetasun bibliografikoak
Egile nagusia: Hersen, Michel Eisler, Richard M Miller, Peter M
Formatua: Printed Book
Hizkuntza:English
Argitaratua: New York Academic Press 1976
Gaiak:
LEADER 00927 a2200169 4500
008 160726s9999 xx 000 0 eng d
082 |a 616.89142 
100 |a Hersen, Michel  |a Eisler, Richard M  |a Miller, Peter M 
245 |a Progress in behavior modification  |c Michel Hersen,Richard M Eisler,Peter M Miller, 
260 |a New York  |b Academic Press  |c 1976 
300 |a v 3 
650 |a Behavior modification 
942 |c BK 
999 |c 361762  |d 361762 
952 |0 0  |1 0  |2 ddc  |4 0  |6 616_891420000000000_HER_P  |7 0  |9 420845  |a PSY  |b PSY  |c ST1  |d 2021-09-29  |l 1  |o 616.89142 HER/P  |p PSY1017  |r 2021-09-29  |s 2021-09-29  |w 2021-09-29  |y BK 
952 |0 0  |1 0  |2 ddc  |4 0  |6 616_891420000000000_HER_P  |7 0  |9 420851  |a PSY  |b PSY  |c ST1  |d 2021-09-29  |l 1  |o 616.89142 HER/P  |p PSY1018  |q 2021-10-29  |r 2021-09-29  |s 2021-09-29  |w 2021-09-29  |y BK 
952 |0 0  |1 0  |2 ddc  |4 0  |6 616_891420000000000_HER_P  |7 0  |9 420852  |a PSY  |b PSY  |c ST1  |d 2021-09-29  |l 1  |o 616.89142 HER/P  |p PSY96  |r 2021-09-29  |s 2021-09-29  |w 2021-09-29  |y BK